002690000a2200073000450024500800000004100140008010000360009477300650013010aDos nuevos hibridos naturales en Salvia (Labiatae) con potencial ornamental0 aEspañol1 aFernández Alonso, José Luis1 tTrianeakActa Científica y Tecnológicah4q329-340d1991